Fundamentos constitucionais da previdência social / (Record no. 230)

MARC details
000 -LÍDER
Campo Fixo de Controle 00757cam a2200241 a 4500
001 - NÚMERO DE CONTROLE
Campo de Controle 230
003 - IDENTIFICAÇÃO DO NÚMERO DE CONTROLE
Campo de Controle BR-CuiBMT
005 - DATA E HORA DA ÚLTIMA ATUALIZAÇÃO
Campo de Controle 20231026201332.0
008 - DADOS FIXOS
Dados Fixos 230904s2011 mgb 001 0 por d
020 ## - INTERNATIONAL STANDARD BOOK NUMBER
Nº do ISBN 9788577003976
040 ## - AGÊNCIA CATALOGADORA
Código da Agência Catalogadora BR-CuiBMT
Agência que transcreveu o registro BR-CuiBMT
080 ## - Nº DA CLASSIFICAÇÃO DECIMAL UNIVERSAL
Nº edição CDU 2007
Nº Class. CDU 349.3
090 ## - NÚMERO DE CHAMADA
Nº classificação 349.3
Cutter A447f
100 1# - ENTRADA PRINCIPAL -- AUTOR PESSOAL
Nome pessoal Almeida, Milton Vasques Thibau de
245 10 - TÍTULO PRINCIPAL
Título principal Fundamentos constitucionais da previdência social /
Indicação de responsabilidade Milton Vasques Thibau de Almeida ; prefácio Carlos Mário da Silva Velloso.
260 ## - PUBLICAÇÃO, DISTRIBUIÇÃO, ETC.
Local de publicação Belo Horizonte:
Editora Fórum,
Data 2011.
300 ## - DESCRIÇÃO FÍSICA
N. páginas ou volumes 197 p. ;
Dimensões 22 cm
504 ## - NOTA DE BIBLIOGRAFIA, ETC.
Nota de bibliografia Inclui bibliografia e índice.
650 ## - ASSUNTO TÓPICO
Cabeçalho tópico ou nome geográfico Direito constitucional
650 ## - ASSUNTO TÓPICO
Cabeçalho tópico ou nome geográfico Direito previdênciário
650 ## - ASSUNTO TÓPICO
Cabeçalho tópico ou nome geográfico Seguridade social
942 ## - ELEMENTOS DE ENTRADA ADICIONAIS (KOHA)
Fonte de classificação ou esquema de arquivamento Classificação Decimal Universal
Tipo de item do Koha Livros
Holdings
Estado: removido Estado: perdido Fonte de classificação ou esquema de arquivamento Estado: danificado Indisponível para empréstimo Localização permanente Localização atual Data de aquisição Total Checkouts Número de Chamada completo Código de barras Date last seen Número do exemplar Preço efetivo a partir de Tipo de item (Koha)
    Classificação Decimal Universal     Biblioteca da Escola Superior de Contas do TCE/MT Biblioteca da Escola Superior de Contas do TCE/MT 28/07/2023   349.3 A447f BIBTCEMT23090005 04/09/2023 Ex. 1 04/09/2023 Livros

Powered by Koha